000 00376nam a2200157Ia 4500
003 Ost
005 20260225132545.0
008 260225s9999||||xx |||||||||||||| ||und||
040 _cfsic
041 _afre
082 _a440
100 _aZohir Ihaddaden
_eAuteur
245 0 _aLa presse musulmane Algérienne de 1830-à1930 /
245 0 _cZohir Ihaddaden
942 _cكتاب
999 _c33776
_d33776